Welcome to the Holygrace Academy Library

Please use search bar below to get started

AWESOME GRAMMAR (Record no. 3802)

MARC details
000 -LEADER
fixed length control field 00284nam a22001337a 4500
020 ## - INTERNATIONAL STANDARD BOOK NUMBER
ISBN 978-81-291-4647-2
082 ## - DEWEY DECIMAL CLASSIFICATION NUMBER
Classification number 425
Item number BUR/A
100 ## - MAIN ENTRY--AUTHOR NAME
Personal name BURCKMYER,BECKY
245 ## - TITLE STATEMENT
Title AWESOME GRAMMAR
260 ## - PUBLICATION, DISTRIBUTION, ETC. (IMPRINT)
Place of publication NEW DELHI
Name of publisher RUPA
300 ## - PHYSICAL DESCRIPTION
Number of Pages 207
650 ## - SUBJECT ADDED ENTRY--TOPICAL TERM
Topical Term GRAMMAR
Geographic subdivision NEW DELHI
942 ## - ADDED ENTRY ELEMENTS (KOHA)
Koha item type Books
Holdings
Withdrawn status Lost status Collection code Home library Current library Shelving location Date acquired Source of acquisition Cost, normal purchase price Full call number Accession Number Koha item type
    Reference Main Library Main Library SHELF-16C -ENGLISH GRAMMAR SYNONYMS7ANTONYMS,LETTERS, ETC 18/10/2018 PURCHASE 295.00 425 BUR/A 10286 Books